000 01499na a2200385 4500
001 19795
003 MIRAKIL
005 20181213155131.0
008 161227b tu 000 0
035 _a19795
040 _aMilas
_btur
_cTR-AnCHP
041 _atur
082 _aCHP 324.2372
_bK44ö 2015
090 _aBROŞÜR 173
100 _aKılıçdaroğlu, Kemal
_cCHP Genel Başkanı
240 _aÖnce Türkiye
_fKasım 2015
245 _aÖnce Türkiye
_bCHP iktidarının ilk 100 günü ve ilk bir yılı
_c[Kemal Kılıçdaroğlu]
_k[broşür]
246 _aCHP iktidarının ilk 100 günü ve ilk bir yılı
260 _aAnkara
_bCHP
_c2015
300 _aktl. broşür
_brnkl. fotg.
_c21x15 sm.
440 _aCumhuriyet Halk Partisi yayınları
_pÖnce Türkiye dizisi
600 _aKılıçdaroğlu, Kemal
_cCHP Genel Başkanı
_xSeçim kampanyaları, 2015
_yBroşürler
600 _aKılıçdaroğlu, Kemal
_xPropaganda ve ideolojiler
_yGenel seçimler, 2015
610 _aCHP
_xPropaganda ve ideolojiler
_yGenel seçimler, 2015
_yKılıçdaroğlu dönemi
610 _aCHP
_xToplumsal sorunlar
_yÇözüm önerileri
651 _aTürkiye
_xSiyaset ve yönetim
_y2015-
657 _aCHP seçim kampanyaları
657 _aCHP seçim propagandaları
657 _aÖnce Türkiye kampanyası
740 _aCHP iktidarının ilk 100 günü ve ilk bir yılı
830 _aCHP broşürleri
830 _aÖnce Türkiye dizisi
942 _2ddc
_cBKS
999 _c7208
_d7208